000 00763nam a2200253Ia 4500
003 OSt
005 20221006154034.0
006 a|||||r|||| 00| 0
007 ta
008 221006b |||||||| |||| 00| 0 eng d
020 _a0804750971
024 _a34,229
037 _bGift, General
_cTextual
040 _aEASL
_cEASL
_beng
041 _2eng
_aeng
082 _aW6.4.P01, P4
100 _aAlagappa Muthiah Ed.
_921419
245 0 _aCivil society and political change in Asia
_b Expanding contracting democratic space
260 _aStanford
_bStanford University Press California
_c2004
300 _a527p
_ccm.
490 _v Oth
942 _hW6.4.P01, P4
_cTEXL
_2CC
999 _c1102315
_d1102315